Mas allá /
Guardado en:
| Autor Principal: | |
|---|---|
| Formato: | Libro |
| Publicado: |
Buenos Aires :
Losada,
1975
|
| Edición: | 4a. ed. |
| Materias: | |
| Etiquetas: |
Agregar Etiqueta
Sin Etiquetas, Sea el primero en etiquetar este registro!
|
| LEADER | 00731nam a22002055a 4500 | ||
|---|---|---|---|
| 001 | CEM.cems005249 | ||
| 008 | 130507s1975##################000#0#####d | ||
| 005 | 20251111094904.0 | ||
| 245 | 1 | 0 | |a Mas allá / |c Horacio Quiroga |
| 250 | |a 4a. ed. | ||
| 260 | |a Buenos Aires : |b Losada, |c 1975 | ||
| 300 | |a 135 p. | ||
| 505 | 0 | |a Más allá -- El vampiro -- Las moscas -- El conductor del rápido -- El llamado -- El hijo -- La señorita leona -- El puritano -- Su ausencia -- La bella y la bestia -- El ocaso | |
| 100 | 1 | |a Quiroga, Horacio | |
| 082 | 0 | 4 | |a A868.4 |
| 653 | |a Literatura | ||
| 653 | |a Literatura Uruguaya-siglo 20 | ||
| 653 | |a Cuentos | ||
| 653 | |a Cuento uruguayo | ||
| 859 | |a CEMS |b BIB. CEMS - 11 de abril |h U868.4 |i Q48-5a4 |p 5273.76 |t Ej.1 | ||
